[Event "VL18/19"]
[Site "Mecklenburg-Vorpommern"]
[Date "2019.02.24"]
[Round "6.1"]
[White "Wiemer, Juergen"]
[Black "Stutz, Reno"]
[Result "1-0"]
[WhiteElo "1915"]
[BlackElo "1956"]
[PlyCount "79"]
[EventDate "2018.??.??"]
[EventType "team-tourn"]
[EventRounds "9"]
[EventCountry "GER"]
[WhiteTeam "VT Ludwigslust"]
[BlackTeam "Gruen-Weiss Wismar"]
[WhiteTeamCountry "GER"]
[BlackTeamCountry "GER"]

1. e4 d5 2. exd5 Nf6 3. c4 c6 4. dxc6 Nxc6 5. Nf3 e5 6. Qa4 Bd7 7. d3 Bc5 8.
Be2 O-O 9. Bg5 e4 10. dxe4 Bxf2+ 11. Kf1 Bd4 12. Nc3 h6 13. Bxf6 Bxf6 14. Nd5
Ne5 15. Qb4 Bc6 16. h3 a5 17. Qd2 Nxf3 18. gxf3 Bxd5 19. cxd5 Qb6 20. Rb1 Rac8
21. a4 Rc7 22. f4 Rfc8 23. Bd3 Bh4 24. Rh2 Qd4 25. e5 g6 26. d6 Rc5 27. Re2 Rd5
28. Rd1 Qxa4 29. e6 Rxd6 30. exf7+ Kxf7 31. b3 Qd7 32. Bxg6+ Kxg6 33. Qxd6+
Qxd6 34. Rxd6+ Kf5 35. Rxh6 Bg3 36. Rh7 Kxf4 37. Rf7+ Kg5 38. Rxb7 Rc3 39. Rb5+
Kh4 40. Re4+ 1-0

[Event "VL18/19"]
[Site "Mecklenburg-Vorpommern"]
[Date "2019.02.24"]
[Round "6.2"]
[White "Kliewe, Hans Juergen"]
[Black "Illgen, Alexander"]
[Result "1-0"]
[WhiteElo "2043"]
[BlackElo "1898"]
[PlyCount "45"]
[EventDate "2018.??.??"]
[EventType "team-tourn"]
[EventRounds "9"]
[EventCountry "GER"]
[WhiteTeam "Gruen-Weiss Wismar"]
[BlackTeam "VT Ludwigslust"]
[WhiteTeamCountry "GER"]
[BlackTeamCountry "GER"]

1. d4 Nf6 2. Nf3 e6 3. Bf4 c5 4. e3 b6 5. Nbd2 Bb7 6. Bd3 d5 7. c3 Nbd7 8. Ne5
Be7 9. O-O O-O 10. Qf3 Nxe5 11. dxe5 Nd7 12. Qg3 f5 13. exf6 Bxf6 14. Qh3 g6
15. Qxe6+ Rf7 16. Qg4 Bc8 17. Qe2 Ne5 18. Bxe5 Bxe5 19. f4 Bg7 20. e4 dxe4 21.
Bc4 Bb7 22. Bxf7+ Kxf7 23. Nxe4 1-0

[Event "VL18/19"]
[Site "Mecklenburg-Vorpommern"]
[Date "2019.02.24"]
[Round "6.3"]
[White "Krueger, Horst"]
[Black "Roeder, Phillip"]
[Result "1/2-1/2"]
[WhiteElo "1899"]
[BlackElo "1913"]
[PlyCount "43"]
[EventDate "2018.??.??"]
[EventType "team-tourn"]
[EventRounds "9"]
[EventCountry "GER"]
[WhiteTeam "VT Ludwigslust"]
[BlackTeam "Gruen-Weiss Wismar"]
[WhiteTeamCountry "GER"]
[BlackTeamCountry "GER"]

1. d4 Nf6 2. c4 c5 3. dxc5 Qa5+ 4. Nc3 Ne4 5. Bd2 Nxd2 6. Qxd2 Qxc5 7. e3 g6 8.
Nb5 a6 9. b4 Qe5 10. Nd4 Bg7 11. Ngf3 Qf6 12. Rc1 O-O 13. Bd3 Re8 14. Be4 d6
15. O-O e5 16. Nb3 Qe7 17. Rfd1 Bf8 18. c5 dxc5 19. Nxc5 Nc6 20. Nxb7 Bxb7 21.
Bxc6 Bxc6 22. Rxc6 1/2-1/2

[Event "VL18/19"]
[Site "Mecklenburg-Vorpommern"]
[Date "2019.02.24"]
[Round "6.4"]
[White "Littke, Helmut"]
[Black "Hilpert, Andreas"]
[Result "1/2-1/2"]
[WhiteElo "1938"]
[BlackElo "1860"]
[PlyCount "37"]
[EventDate "2018.??.??"]
[EventType "team-tourn"]
[EventRounds "9"]
[EventCountry "GER"]
[WhiteTeam "Gruen-Weiss Wismar"]
[BlackTeam "VT Ludwigslust"]
[WhiteTeamCountry "GER"]
[BlackTeamCountry "GER"]

1. c4 e5 2. Nc3 d6 3. g3 f5 4. Bg2 Nc6 5. e3 Nf6 6. d4 e4 7. Nge2 g6 8. O-O Bg7
9. f3 exf3 10. Bxf3 Bd7 11. b4 Qc8 12. e4 O-O 13. b5 Nd8 14. e5 Ne8 15. Bb2
dxe5 16. Nd5 Rf7 17. dxe5 c6 18. Ndf4 Qc7 19. bxc6 1/2-1/2

[Event "VL18/19"]
[Site "Mecklenburg-Vorpommern"]
[Date "2019.02.24"]
[Round "6.5"]
[White "Meier, Klaus"]
[Black "Junggebauer, Thomas"]
[Result "0-1"]
[WhiteElo "1805"]
[BlackElo "1902"]
[PlyCount "74"]
[EventDate "2018.??.??"]
[EventType "team-tourn"]
[EventRounds "9"]
[EventCountry "GER"]
[WhiteTeam "VT Ludwigslust"]
[BlackTeam "Gruen-Weiss Wismar"]
[WhiteTeamCountry "GER"]
[BlackTeamCountry "GER"]

1. d4 d5 2. Nf3 Nf6 3. c4 c6 4. Nc3 g6 5. cxd5 cxd5 6. Bf4 Bg7 7. e3 O-O 8. Bd3
a6 9. O-O b5 10. h3 Nc6 11. Rc1 Bb7 12. Ne5 Nxe5 13. Bxe5 Rc8 14. f4 Qa5 15.
Bb1 b4 16. Qa4 Qb6 17. Ne2 Bc6 18. Qd1 Bb5 19. Qd2 a5 20. Rxc8 Rxc8 21. Rc1 Rc6
22. Rxc6 Qxc6 23. Bd3 Ne4 24. Bxe4 dxe4 25. Bxg7 Kxg7 26. Nc1 a4 27. Kf2 Qc4
28. Ne2 Qd3 29. Ke1 Qc4 30. Kf2 f5 31. h4 Kf7 32. Ng3 Ke6 33. Ke1 Kd5 34. Kd1
Qxa2 35. Qxb4 Qb1+ 36. Kd2 Qd3+ 37. Ke1 Qxe3+ 0-1

[Event "VL18/19"]
[Site "Mecklenburg-Vorpommern"]
[Date "2019.02.24"]
[Round "6.6"]
[White "Bahr, Enrico"]
[Black "Emmrich, Olaf"]
[Result "1/2-1/2"]
[WhiteElo "1874"]
[BlackElo "1802"]
[PlyCount "91"]
[EventDate "2018.??.??"]
[EventType "team-tourn"]
[EventRounds "9"]
[EventCountry "GER"]
[WhiteTeam "Gruen-Weiss Wismar"]
[BlackTeam "VT Ludwigslust"]
[WhiteTeamCountry "GER"]
[BlackTeamCountry "GER"]

1. d4 Nf6 2. Nf3 d5 3. Bg5 Ne4 4. Bh4 c6 5. c3 Qb6 6. Qb3 Nd7 7. Nbd2 Nxd2 8.
Nxd2 e5 9. e3 exd4 10. exd4 Bd6 11. Bd3 O-O 12. O-O Qc7 13. Bg3 Nf6 14. Rfe1
Bg4 15. Bxd6 Qxd6 16. h3 Bh5 17. Re5 Bg6 18. Bxg6 hxg6 19. Rae1 b6 20. Qa4 a5
21. Qd1 Qd7 22. Qf3 Rfe8 23. Qe3 Kf8 24. Kf1 Ng8 25. Qf4 Rxe5 26. dxe5 Re8 27.
Nf3 c5 28. e6 Qb5+ 29. Kg1 f6 30. Ne5 Ne7 31. Nd7+ Kg8 32. Nxf6+ gxf6 33. Qxf6
Rf8 34. Qxe7 Qxb2 35. Qh4 Qxc3 36. Re3 Qa1+ 37. Kh2 Re8 38. Qg5 Qg7 39. Qxd5
Kh7 40. Rf3 Re7 41. Rf4 g5 42. Re4 Qf6 43. h4 Qxf2 44. Rg4 Qf6 45. Rxg5 Qf4+
46. Kg1 1/2-1/2

[Event "VL18/19"]
[Site "Mecklenburg-Vorpommern"]
[Date "2019.02.24"]
[Round "6.7"]
[White "Zacharias, Uwe"]
[Black "Schulz, Bernd"]
[Result "1/2-1/2"]
[WhiteElo "1834"]
[BlackElo "1846"]
[PlyCount "33"]
[EventDate "2018.??.??"]
[EventType "team-tourn"]
[EventRounds "9"]
[EventCountry "GER"]
[WhiteTeam "VT Ludwigslust"]
[BlackTeam "Gruen-Weiss Wismar"]
[WhiteTeamCountry "GER"]
[BlackTeamCountry "GER"]

1. d4 d5 2. c4 c6 3. Nf3 Nf6 4. Nc3 Bf5 5. e3 e6 6. Bd3 Bg6 7. O-O Bd6 8. b3
Nbd7 9. Bb2 O-O 10. Bxg6 hxg6 11. Qc2 Rc8 12. Rfe1 Bb4 13. a3 Bxc3 14. Bxc3 Ne4
15. Nd2 Ndf6 16. Nxe4 Nxe4 17. f3 1/2-1/2

[Event "VL18/19"]
[Site "Mecklenburg-Vorpommern"]
[Date "2019.02.24"]
[Round "6.8"]
[White "Borchert, Chris"]
[Black "Altenburg, Reiner"]
[Result "1-0"]
[WhiteElo "2030"]
[BlackElo "1699"]
[PlyCount "73"]
[EventDate "2018.??.??"]
[EventType "team-tourn"]
[EventRounds "9"]
[EventCountry "GER"]
[WhiteTeam "Gruen-Weiss Wismar"]
[BlackTeam "VT Ludwigslust"]
[WhiteTeamCountry "GER"]
[BlackTeamCountry "GER"]

1. d4 c5 2. c3 cxd4 3. cxd4 d5 4. Nc3 Nf6 5. Bg5 e6 6. e3 Nbd7 7. Bd3 h6 8. Bh4
Be7 9. Nf3 O-O 10. O-O Nh5 11. Bxe7 Qxe7 12. Rc1 a6 13. Ne5 Nhf6 14. f4 Re8 15.
Rc2 Nf8 16. g4 N6d7 17. Rg2 f6 18. Ng6 Qf7 19. Qb1 Ra7 20. Rf3 Nb8 21. h4 Nc6
22. g5 hxg5 23. Nxf8 f5 24. Nxe6 Bxe6 25. Rxg5 Ne7 26. Na4 Bc8 27. Qc2 Rf8 28.
Rfg3 b5 29. Nc5 Kh8 30. Qe2 Ng8 31. Bc2 Nh6 32. Nd3 Ng4 33. R3xg4 fxg4 34. Ne5
Qf6 35. Rh5+ Kg8 36. Bh7+ Kh8 37. Ng6+ 1-0

[Event "VL18/19"]
[Site "Mecklenburg-Vorpommern"]
[Date "2019.03.10"]
[Round "7.1"]
[White "Stutz, Reno"]
[Black "Hornych, Christoph"]
[Result "0-1"]
[WhiteElo "1956"]
[BlackElo "2079"]
[PlyCount "64"]
[EventDate "2018.??.??"]
[EventType "team-tourn"]
[EventRounds "9"]
[EventCountry "GER"]
[WhiteTeam "Gruen-Weiss Wismar"]
[BlackTeam "SF Schwerin II"]
[WhiteTeamCountry "GER"]
[BlackTeamCountry "GER"]

1. d4 Nf6 2. Nf3 c5 3. e3 cxd4 4. exd4 d5 5. Bd3 Nc6 6. c3 Bg4 7. Bf4 e6 8.
Nbd2 Be7 9. Qb3 Qc8 10. O-O O-O 11. Rfe1 a6 12. a4 Bh5 13. Ne5 Nxe5 14. Bxe5
Qc6 15. Rac1 Rac8 16. Re3 Ng4 17. Bxh7+ Kxh7 18. Rh3 g6 19. Qc2 f5 20. Nf3 Kg8
21. Qd2 Qb6 22. Re1 Rc6 23. Rxh5 gxh5 24. h3 Nxe5 25. Nxe5 Bf6 26. Qh6 Bxe5 27.
Rxe5 Kf7 28. Qxh5+ Ke7 29. Qg5+ Ke8 30. Qg6+ Kd8 31. Qg7 Re8 32. Qf6+ Kc8 0-1

[Event "VL18/19"]
[Site "Mecklenburg-Vorpommern"]
[Date "2019.03.10"]
[Round "7.2"]
[White "Grahl, Arvid"]
[Black "Kliewe, Hans Juergen"]
[Result "1-0"]
[WhiteElo "2100"]
[BlackElo "2043"]
[PlyCount "40"]
[EventDate "2018.??.??"]
[EventType "team-tourn"]
[EventRounds "9"]
[EventCountry "GER"]
[WhiteTeam "SF Schwerin II"]
[BlackTeam "Gruen-Weiss Wismar"]
[WhiteTeamCountry "GER"]
[BlackTeamCountry "GER"]

1. d4 d5 2. c4 c6 3. Nf3 Nf6 4. Nc3 dxc4 5. e3 Bf5 6. Bxc4 e6 7. O-O Be7 8. Qe2
O-O 9. e4 Bg4 10. Rd1 Qa5 11. h3 Bxf3 12. Qxf3 Qh5 13. Qxh5 Nxh5 14. Be3 Nd7
15. d5 exd5 16. exd5 cxd5 17. Nxd5 Bd8 18. Ne7+ Bxe7 19. Rxd7 Bd8 20. Rxb7 Rc8
1-0

[Event "VL18/19"]
[Site "Mecklenburg-Vorpommern"]
[Date "2019.03.10"]
[Round "7.4"]
[White "Paucher, Sloima"]
[Black "Junggebauer, Thomas"]
[Result "1/2-1/2"]
[WhiteElo "2123"]
[BlackElo "1902"]
[PlyCount "38"]
[EventDate "2018.??.??"]
[EventType "team-tourn"]
[EventRounds "9"]
[EventCountry "GER"]
[WhiteTeam "SF Schwerin II"]
[BlackTeam "Gruen-Weiss Wismar"]
[WhiteTeamCountry "GER"]
[BlackTeamCountry "GER"]

1. e4 c5 2. Nf3 Nc6 3. d4 cxd4 4. Nxd4 e6 5. Nc3 a6 6. Be3 Nf6 7. Bc4 Qc7 8.
Bb3 Be7 9. O-O b5 10. f3 O-O 11. Qe1 Nxd4 12. Bxd4 Bb7 13. Rd1 Rad8 14. Qf2 d5
15. Bb6 Qc8 16. exd5 Bxd5 17. Nxd5 Nxd5 18. Bxd5 Rxd5 19. Rxd5 exd5 1/2-1/2

[Event "VL18/19"]
[Site "Mecklenburg-Vorpommern"]
[Date "2019.03.10"]
[Round "7.5"]
[White "Bahr, Enrico"]
[Black "Westphal, Wolfgang"]
[Result "0-1"]
[WhiteElo "1874"]
[BlackElo "2075"]
[PlyCount "106"]
[EventDate "2018.??.??"]
[EventType "team-tourn"]
[EventRounds "9"]
[EventCountry "GER"]
[WhiteTeam "Gruen-Weiss Wismar"]
[BlackTeam "SF Schwerin II"]
[WhiteTeamCountry "GER"]
[BlackTeamCountry "GER"]

1. d4 Nf6 2. Nf3 b6 3. Bg5 Ne4 4. Bh4 Bb7 5. e3 h6 6. Bd3 g5 7. Bg3 d6 8. Nbd2
Nxd2 9. Qxd2 Bg7 10. c3 Nd7 11. e4 e5 12. O-O-O Qe7 13. Qe2 O-O-O 14. Rhe1 Rhe8
15. d5 Kb8 16. Nd2 f5 17. f3 fxe4 18. fxe4 Rf8 19. Bf2 Qf7 20. Be3 Qg6 21. b4
Nf6 22. Bg1 Bc8 23. c4 Bg4 24. Nf3 Nh5 25. Nxe5 Bxe5 26. Qxg4 Bc3 27. e5 Qe8
28. Re4 Qa4 29. Qe2 Qa3+ 30. Kb1 Qxb4+ 31. Kc1 Qa3+ 32. Kb1 Qb4+ 33. Kc1 Bxe5
34. c5 Qc3+ 35. Qc2 dxc5 36. Bxc5 Qxc2+ 37. Kxc2 Bd6 38. Bd4 Nf4 39. Bg7 Rg8
40. Bxh6 Nxd5 41. Kb3 Nf6 42. Re6 Ng4 43. h3 Nf2 44. Rd2 Bf4 45. Rxf2 Rxd3+ 46.
Kc2 Rgd8 47. Ree2 R3d6 48. Bg7 Rc6+ 49. Bc3 Rd5 50. Kb2 Rb5+ 51. Kc2 Rbc5 52.
Rf3 Be5 53. Ree3 Kc8 0-1

[Event "VL18/19"]
[Site "Mecklenburg-Vorpommern"]
[Date "2019.03.10"]
[Round "7.6"]
[White "Roehl, Rainer"]
[Black "Podolskiy, Alexander"]
[Result "1/2-1/2"]
[WhiteElo "2006"]
[BlackElo "1823"]
[PlyCount "71"]
[EventDate "2018.??.??"]
[EventType "team-tourn"]
[EventRounds "9"]
[EventCountry "GER"]
[WhiteTeam "SF Schwerin II"]
[BlackTeam "Gruen-Weiss Wismar"]
[WhiteTeamCountry "GER"]
[BlackTeamCountry "GER"]

1. d4 d5 2. Bf4 Bf5 3. c4 c6 4. Nc3 e6 5. Qb3 Qb6 6. c5 Qxb3 7. axb3 Nd7 8. b4
f6 9. Nf3 g5 10. Bc7 h5 11. h3 Rc8 12. Bg3 a6 13. e3 Nh6 14. O-O-O Nf7 15. Nd2
Be7 16. Nb3 Bd8 17. Na5 Bxa5 18. bxa5 e5 19. Bd3 Bxd3 20. Rxd3 O-O 21. Ne2 f5
22. f4 gxf4 23. exf4 exd4 24. b4 Rce8 25. Nxd4 Nd8 26. Re1 Rxe1+ 27. Bxe1 Nf6
28. Bh4 Ne4 29. Bxd8 Rxd8 30. Nxf5 Rf8 31. g4 hxg4 32. hxg4 Nf2 33. Rg3 Kh7 34.
Kc2 Nxg4 35. Rxg4 Rxf5 36. Kd3 1/2-1/2

[Event "VL18/19"]
[Site "Mecklenburg-Vorpommern"]
[Date "2019.03.10"]
[Round "7.8"]
[White "Kross, Gunnar"]
[Black "Wagner, Bernd"]
[Result "1-0"]
[WhiteElo "1933"]
[BlackElo "1754"]
[PlyCount "67"]
[EventDate "2018.??.??"]
[EventType "team-tourn"]
[EventRounds "9"]
[EventCountry "GER"]
[WhiteTeam "SF Schwerin II"]
[BlackTeam "Gruen-Weiss Wismar"]
[WhiteTeamCountry "GER"]
[BlackTeamCountry "GER"]

1. d4 b6 2. c4 Bb7 3. Nc3 Nf6 4. Nf3 e6 5. Bg5 Be7 6. e3 Ne4 7. Bxe7 Qxe7 8.
Bd3 Nxc3 9. bxc3 O-O 10. O-O d6 11. e4 e5 12. Nd2 Nd7 13. Qc2 Rad8 14. Rae1
Rfe8 15. f4 f6 16. Re3 g6 17. Qd1 Kg7 18. Rg3 Rh8 19. h4 h6 20. Qg4 Qe8 21. Bc2
Nf8 22. Qf3 Qe7 23. Rf2 Bc6 24. Nf1 Bd7 25. Ne3 c6 26. Ba4 a6 27. Bxc6 Kh7 28.
Bxd7 Nxd7 29. Nd5 Qg7 30. h5 g5 31. fxe5 fxe5 32. Qf5+ Kg8 33. Qe6+ Kh7 34. Rf7
1-0

[Event "VL18/19"]
[Site "Mecklenburg-Vorpommern"]
[Date "2019.03.10"]
[Round "7.1"]
[White "Luethke, Hans Eckart"]
[Black "Wiemer, Juergen"]
[Result "1-0"]
[WhiteElo "2100"]
[BlackElo "1915"]
[PlyCount "57"]
[EventDate "2018.??.??"]
[EventType "team-tourn"]
[EventRounds "9"]
[EventCountry "GER"]
[WhiteTeam "Graal-Mueritz"]
[BlackTeam "VT Ludwigslust"]
[WhiteTeamCountry "GER"]
[BlackTeamCountry "GER"]

1. Nf3 Nf6 2. c4 c5 3. Nc3 b6 4. e4 d6 5. d4 cxd4 6. Nxd4 Bb7 7. f3 Nc6 8. Be3
e6 9. Be2 Be7 10. Qd2 O-O 11. O-O Qc7 12. Ndb5 Qb8 13. Rfd1 Rd8 14. Bf4 e5 15.
Be3 Bc8 16. Rac1 Na5 17. b4 Nb7 18. Nd5 Nxd5 19. cxd5 Rd7 20. Rc6 a6 21. Rdc1
Nc5 22. Nc3 Rb7 23. bxc5 bxc5 24. Bxa6 Rxa6 25. Rxa6 Rb2 26. Qd3 f5 27. Ra5 f4
28. Bf2 Bd7 29. Rb1 1-0

[Event "VL18/19"]
[Site "Mecklenburg-Vorpommern"]
[Date "2019.03.10"]
[Round "7.2"]
[White "Illgen, Alexander"]
[Black "Jansen, Andreas"]
[Result "1-0"]
[WhiteElo "1898"]
[BlackElo "2056"]
[PlyCount "73"]
[EventDate "2018.??.??"]
[EventType "team-tourn"]
[EventRounds "9"]
[EventCountry "GER"]
[WhiteTeam "VT Ludwigslust"]
[BlackTeam "Graal-Mueritz"]
[WhiteTeamCountry "GER"]
[BlackTeamCountry "GER"]

1. d4 Nf6 2. c4 g6 3. Nc3 Bg7 4. e4 d6 5. f4 c6 6. Nf3 Qc7 7. Be2 O-O 8. O-O a6
9. Qc2 b5 10. a3 Nbd7 11. h3 Nh5 12. d5 Bb7 13. Rf2 cxd5 14. cxd5 Ng3 15. Bd3
Rac8 16. Kh2 Nh5 17. Bd2 Nc5 18. Rc1 Nxd3 19. Qxd3 Qc4 20. Qe3 Qc5 21. Qe2 Bxc3
22. Rxc3 Qb6 23. g3 Nf6 24. Be3 Qa5 25. Bd4 Rxc3 26. Bxc3 Qa4 27. Nd2 a5 28.
Qe3 Rc8 29. Qb6 Ba8 30. Qa6 Rb8 31. Qa7 Rf8 32. Qxe7 Ne8 33. Qa7 Ng7 34. Qxa5
f5 35. Qc7 Ne8 36. Qe7 Qc2 37. Qe6+ 1-0

[Event "VL18/19"]
[Site "Mecklenburg-Vorpommern"]
[Date "2019.03.10"]
[Round "7.3"]
[White "Van Bentum, Horst"]
[Black "Krueger, Horst"]
[Result "1/2-1/2"]
[WhiteElo "1945"]
[BlackElo "1899"]
[PlyCount "35"]
[EventDate "2018.??.??"]
[EventType "team-tourn"]
[EventRounds "9"]
[EventCountry "GER"]
[WhiteTeam "Graal-Mueritz"]
[BlackTeam "VT Ludwigslust"]
[WhiteTeamCountry "GER"]
[BlackTeamCountry "GER"]

1. e4 c5 2. Nf3 d6 3. Bb5+ Bd7 4. Bxd7+ Qxd7 5. O-O Nc6 6. c3 Nf6 7. Re1 e5 8.
d4 Rd8 9. d5 Ne7 10. a4 Ng6 11. Qe2 Be7 12. Qb5 h6 13. Na3 O-O 14. Qxd7 Nxd7
15. Bd2 f5 16. exf5 Rxf5 17. c4 a6 18. Nc2 1/2-1/2

[Event "VL18/19"]
[Site "Mecklenburg-Vorpommern"]
[Date "2019.03.10"]
[Round "7.4"]
[White "Hilpert, Andreas"]
[Black "Moritz, Hartmut"]
[Result "0-1"]
[WhiteElo "1860"]
[BlackElo "1917"]
[PlyCount "84"]
[EventDate "2018.??.??"]
[EventType "team-tourn"]
[EventRounds "9"]
[EventCountry "GER"]
[WhiteTeam "VT Ludwigslust"]
[BlackTeam "Graal-Mueritz"]
[WhiteTeamCountry "GER"]
[BlackTeamCountry "GER"]

1. e4 e6 2. b3 d5 3. Bb2 dxe4 4. Nc3 Nf6 5. Qe2 Bd7 6. Nxe4 Nxe4 7. Qxe4 Bc6 8.
Qg4 Nd7 9. Nf3 Nf6 10. Qh3 Be4 11. O-O-O Bf5 12. Qh4 Ne4 13. Qxd8+ Rxd8 14. Bd4
Ba3+ 15. Kb1 O-O 16. Be2 Rxd4 17. Nxd4 Nxf2 18. Nxf5 exf5 19. c3 Nxh1 20. Rxh1
Bd6 21. Bf3 b6 22. d4 Re8 23. h3 g5 24. Kc2 Kg7 25. a4 a5 26. Rb1 Re3 27. Kd2
Bf4 28. Kc2 Kg6 29. b4 axb4 30. Rxb4 h5 31. d5 Bd6 32. Rc4 g4 33. hxg4 hxg4 34.
Kd2 Re5 35. Be2 Rxd5+ 36. Bd3 Kg5 37. Ke2 Bc5 38. Bc2 Re5+ 39. Kf1 g3 40. Bd1
Bf2 41. Be2 c5 42. a5 b5 0-1

[Event "VL18/19"]
[Site "Mecklenburg-Vorpommern"]
[Date "2019.03.10"]
[Round "7.6"]
[White "Zacharias, Uwe"]
[Black "Schulz, Wolf Detlef"]
[Result "1/2-1/2"]
[WhiteElo "1834"]
[BlackElo "1782"]
[PlyCount "41"]
[EventDate "2018.??.??"]
[EventType "team-tourn"]
[EventRounds "9"]
[EventCountry "GER"]
[WhiteTeam "VT Ludwigslust"]
[BlackTeam "Graal-Mueritz"]
[WhiteTeamCountry "GER"]
[BlackTeamCountry "GER"]

1. d4 Nf6 2. c4 e5 3. dxe5 Ng4 4. Nf3 Bc5 5. e3 Nc6 6. Nbd2 Ngxe5 7. Nxe5 Nxe5
8. Nf3 Nxf3+ 9. Qxf3 Bb4+ 10. Bd2 Bxd2+ 11. Kxd2 d6 12. Rd1 O-O 13. Kc1 Rb8 14.
Bd3 Be6 15. b3 f5 16. Rhe1 Qf6 17. Kb1 b5 18. cxb5 a6 19. Bc4 d5 20. Bxd5 Rxb5
21. Bxe6+ 1/2-1/2

[Event "VL18/19"]
[Site "Mecklenburg-Vorpommern"]
[Date "2019.03.10"]
[Round "7.7"]
[White "Schumann, Lutz"]
[Black "Koester, Klaus Dieter"]
[Result "1-0"]
[WhiteElo "1756"]
[BlackElo "1724"]
[PlyCount "49"]
[EventDate "2018.??.??"]
[EventType "team-tourn"]
[EventRounds "9"]
[EventCountry "GER"]
[WhiteTeam "Graal-Mueritz"]
[BlackTeam "VT Ludwigslust"]
[WhiteTeamCountry "GER"]
[BlackTeamCountry "GER"]

1. c4 e6 2. g3 c6 3. Bg2 d5 4. Nf3 Nf6 5. O-O Be7 6. b3 O-O 7. Bb2 Ne4 8. d3
Ng5 9. Nbd2 f5 10. Qc2 Bf6 11. Nxg5 Bxg5 12. Nf3 Bf6 13. Rad1 Nd7 14. d4 b6 15.
cxd5 cxd5 16. Qc6 Nb8 17. Qxa8 Ba6 18. Rc1 Qd7 19. Ba3 Rd8 20. Ne5 Bxe5 21.
dxe5 Bb5 22. Bd6 Nc6 23. Qxd8+ Nxd8 24. Rc7 Qe8 25. Rfc1 1-0

[Event "VL18/19"]
[Site "Mecklenburg-Vorpommern"]
[Date "2019.03.10"]
[Round "7.8"]
[White "Altenburg, Reiner"]
[Black "Perlick, Eberhard"]
[Result "1/2-1/2"]
[WhiteElo "1699"]
[BlackElo "1871"]
[PlyCount "27"]
[EventDate "2018.??.??"]
[EventType "team-tourn"]
[EventRounds "9"]
[EventCountry "GER"]
[WhiteTeam "VT Ludwigslust"]
[BlackTeam "Graal-Mueritz"]
[WhiteTeamCountry "GER"]
[BlackTeamCountry "GER"]

1. d4 e6 2. c4 f5 3. Nf3 Nf6 4. Nc3 Bb4 5. Bd2 O-O 6. g3 d6 7. Bg2 Qe7 8. O-O
Nc6 9. a3 Bxc3 10. Bxc3 e5 11. dxe5 dxe5 12. e3 e4 13. Nd4 Ne5 14. Qc2 1/2-1/2

[Event "VL18/19"]
[Site "Mecklenburg-Vorpommern"]
[Date "2019.03.10"]
[Round "7.1"]
[White "Mangold, Thomas"]
[Black "Schumacher, Ole"]
[Result "1-0"]
[WhiteElo "2055"]
[BlackElo "1835"]
[PlyCount "93"]
[EventDate "2018.??.??"]
[EventType "team-tourn"]
[EventRounds "9"]
[EventCountry "GER"]
[WhiteTeam "SSC Rostock"]
[BlackTeam "SF Schwerin III"]
[WhiteTeamCountry "GER"]
[BlackTeamCountry "GER"]

1. d4 Nf6 2. c4 e6 3. Nc3 Bb4 4. e3 O-O 5. Nge2 d5 6. a3 Bd6 7. Ng3 b6 8. cxd5
exd5 9. Bd3 Bb7 10. b4 c5 11. bxc5 bxc5 12. dxc5 Bxc5 13. O-O Nc6 14. Na4 Bd6
15. Rb1 Rb8 16. Bb2 Ne5 17. Nf5 Qd7 18. Nxd6 Qxd6 19. Be2 Rfd8 20. Qd4 Nc6 21.
Qc5 Ne4 22. Qxd6 Rxd6 23. Rfd1 Rbd8 24. f3 Ng5 25. Bxg7 Kxg7 26. Rxb7 Ne6 27.
Nc3 a6 28. Rb6 Ne7 29. Rxd6 Rxd6 30. Kf2 a5 31. Rb1 d4 32. Ne4 dxe3+ 33. Kxe3
Nd5+ 34. Kf2 Rb6 35. Rxb6 Nxb6 36. g3 f5 37. Nd6 Kf6 38. Nc4 Nxc4 39. Bxc4 Nd4
40. f4 Ke7 41. Bd3 Kd6 42. g4 fxg4 43. Bxh7 a4 44. Bd3 Kc5 45. Kg3 Nf3 46. Kxg4
Ne1 47. Be4 1-0

[Event "VL18/19"]
[Site "Mecklenburg-Vorpommern"]
[Date "2019.03.10"]
[Round "7.2"]
[White "Kutschke, Peter"]
[Black "Pererva, Viktor"]
[Result "0-1"]
[WhiteElo "1941"]
[BlackElo "2080"]
[PlyCount "86"]
[EventDate "2018.??.??"]
[EventType "team-tourn"]
[EventRounds "9"]
[EventCountry "GER"]
[WhiteTeam "SF Schwerin III"]
[BlackTeam "SSC Rostock"]
[WhiteTeamCountry "GER"]
[BlackTeamCountry "GER"]

1. c4 e5 2. Nc3 Bb4 3. g3 Bxc3 4. dxc3 d6 5. Bg2 Ne7 6. Nf3 Nbc6 7. O-O O-O 8.
h3 Be6 9. b3 h6 10. Bb2 a6 11. Qc2 f5 12. Rad1 Qe8 13. Kh2 b5 14. Nd2 Qf7 15.
cxb5 axb5 16. Ra1 Rab8 17. e4 f4 18. Rac1 Qh5 19. Qd1 Qxd1 20. Rcxd1 Ra8 21.
Ra1 Ra7 22. g4 Rfa8 23. a3 Na5 24. b4 Nc4 25. Nxc4 Bxc4 26. Rfd1 Nc8 27. a4
bxa4 28. Ba3 Nb6 29. Bf1 Kf7 30. Kg2 Ke6 31. Bxc4+ Nxc4 32. Kf3 c6 33. Ke2 d5
34. b5 Nxa3 35. Rxa3 dxe4 36. b6 Rb7 37. Rb1 Ra6 38. Rb4 Kd5 39. c4+ Kc5 40.
Rbxa4 Rxa4 41. Rxa4 Kxb6 42. Rb4+ Kc7 43. Ra4 Kd6 0-1

[Event "VL18/19"]
[Site "Mecklenburg-Vorpommern"]
[Date "2019.03.10"]
[Round "7.3"]
[White "Hingst, Silke"]
[Black "Focke, Adrian"]
[Result "0-1"]
[WhiteElo "1844"]
[BlackElo "1808"]
[PlyCount "142"]
[EventDate "2018.??.??"]
[EventType "team-tourn"]
[EventRounds "9"]
[EventCountry "GER"]
[WhiteTeam "SSC Rostock"]
[BlackTeam "SF Schwerin III"]
[WhiteTeamCountry "GER"]
[BlackTeamCountry "GER"]

1. e4 c5 2. d4 cxd4 3. c3 d3 4. Bxd3 e6 5. Nf3 d6 6. O-O Nf6 7. Bf4 Nbd7 8. Bc2
Qc7 9. Re1 e5 10. Bg5 a6 11. Bb3 Be7 12. Nbd2 Nc5 13. Bc2 b5 14. a4 Bb7 15.
axb5 axb5 16. Qe2 Rxa1 17. Rxa1 Bc6 18. Be3 O-O 19. c4 Rb8 20. b4 Ncxe4 21.
Nxe4 Nxe4 22. Bxe4 Bxe4 23. cxb5 Qc3 24. Ra7 Bd8 25. Bd2 Qc2 26. Ne1 Qb1 27.
Qc4 d5 28. Qc6 Bf6 29. Ra8 Rf8 30. Rxf8+ Kxf8 31. Qc8+ Ke7 32. Qc5+ Ke6 33.
Qc8+ Kd6 34. f3 Qd1 35. Qc5+ Ke6 36. Qc6+ Ke7 37. Qc7+ Ke8 38. Qc8+ Bd8 39.
Qc6+ Ke7 40. Qc5+ Ke6 41. Qc6+ Ke7 42. fxe4 Qxd2 43. Qc5+ Ke6 44. Nf3 Qd1+ 45.
Kf2 f6 46. Qc6+ Ke7 47. exd5 Qd3 48. b6 e4 49. Qe6+ Kf8 50. Qd6+ Be7 51. Qe6
exf3 52. gxf3 Qd2+ 53. Kf1 Qd1+ 54. Kg2 Qd2+ 55. Kh3 Qh6+ 56. Kg4 Qg5+ 57. Kh3
Qh5+ 58. Kg3 Qe5+ 59. Qxe5 fxe5 60. b7 Bd6 61. Kg4 Kf7 62. Kf5 h6 63. b5 g6+
64. Ke4 Ke7 65. Kd3 Bb8 66. h4 Kd6 67. Kc4 Bc7 68. Kb4 Kxd5 69. b6 Bb8 70. Kb5
Kd6 71. Kc4 Kc6 0-1